| 000 | 00544nam a22001697a 4500 | ||
|---|---|---|---|
| 003 | PILC | ||
| 005 | 20150605094110.0 | ||
| 008 | 150605b xxu||||| |||| 00| 0 eng d | ||
| 050 |
_aT 1 _b.B277 2009 |
||
| 100 | _aBarros, Zhanise C. | ||
| 245 |
_aSales transaction system for aramco auto supply / _cZhanise C. Barros. |
||
| 260 |
_aLas PiƱas City : _bSISC, _c2009. |
||
| 300 |
_avii, 81 pages : _b illustrations ; _c28 cm. |
||
| 500 | _aIncludes bibliographical references and indexes. | ||
| 650 | _aManagement system. | ||
| 942 |
_2lcc _cTH _kLOC |
||
| 999 |
_c284742 _d284742 |
||